<?xml version="1.0" encoding="UTF-8"?>
<record
    xmlns:xsi="http://www.w3.org/2001/XMLSchema-instance"
    xsi:schemaLocation="http://www.loc.gov/MARC21/slim http://www.loc.gov/standards/marcxml/schema/MARC21slim.xsd"
    xmlns="http://www.loc.gov/MARC21/slim">

  <leader>00450nam a2200121 a 4500</leader>
  <controlfield tag="008">110107s1974||||                        d</controlfield>
  <datafield tag="100" ind1="1" ind2=" ">
    <subfield code="a">Lenin, V. I.</subfield>
  </datafield>
  <datafield tag="245" ind1="1" ind2="0">
    <subfield code="a">O &#xFA;lohe &#x17E;eny v spolo&#x10D;nosti a sk&#xFA;senosti z rie&#x161;enia &#x17E;enskej ot&#xE1;zky v socialistick&#xFD;ch krajin&#xE1;ch</subfield>
    <subfield code="b">Materi&#xE1;ly medzin&#xE1;rodn&#xE9;ho s&#xFD;mp&#xF3;zia, venovan&#xE9;ho 100. v&#xFD;ro&#x10D;iu narodenia V. I. Lenina</subfield>
  </datafield>
  <datafield tag="260" ind1=" " ind2=" ">
    <subfield code="b">Pravda</subfield>
    <subfield code="a">Bratislava</subfield>
    <subfield code="c">1974</subfield>
  </datafield>
  <datafield tag="020" ind1=" " ind2=" ">
    <subfield code="c">11</subfield>
  </datafield>
  <datafield tag="044" ind1=" " ind2=" ">
    <subfield code="a">xo</subfield>
    <subfield code="c">SK</subfield>
  </datafield>
  <datafield tag="041" ind1=" " ind2=" ">
    <subfield code="a">slo</subfield>
  </datafield>
  <datafield tag="999" ind1=" " ind2=" ">
    <subfield code="c">15556</subfield>
    <subfield code="d">15556</subfield>
  </datafield>
  <datafield tag="952" ind1=" " ind2=" ">
    <subfield code="0">1</subfield>
    <subfield code="1">0</subfield>
    <subfield code="4">0</subfield>
    <subfield code="7">0</subfield>
    <subfield code="8">K</subfield>
    <subfield code="a">10000</subfield>
    <subfield code="b">10000</subfield>
    <subfield code="d">2019-11-29</subfield>
    <subfield code="g">11.00</subfield>
    <subfield code="i">14579</subfield>
    <subfield code="o">K 126</subfield>
    <subfield code="r">2019-11-29</subfield>
    <subfield code="w">2019-11-29</subfield>
    <subfield code="y">OLDO</subfield>
  </datafield>
</record>
